| 000 | 02227nam0a2200409 4500 | ||
|---|---|---|---|
| 001 | RU\NLR\bibl\1479292 | ||
| 005 | 20260407102533.0 | ||
| 010 | _a978-5-02-036132-4 | ||
| 021 |
_aRU _b2009-107465 _96857 |
||
| 035 | _a(nilc)RSL-KNO-004566197 | ||
| 035 | _a(NLR Aleph) 001470951 | ||
| 090 |
_a1643245 _c1643245 |
||
| 100 | _a20100114d2009 |||y0rusy50 ca | ||
| 101 | 0 |
_arus _deng _eeng |
|
| 102 | _aRU | ||
| 105 | _aa zzzz||||| | ||
| 200 | 1 |
_aОбеспечение ресурса и живучести водо-водяных энергетических реакторов _f[Н.А. Махутов, К.В. Фролов, Ю.Г. Драгунов и др.] _gпод ред. чл.-кор. РАН Н. А. Махутова и к.т.н. М. М. Гаденина _g[Рос. акад. наук, Ин-т машиноведения им. А. А. Благонравова] |
|
| 210 |
_aМосква _cНаука _d2009 |
||
| 215 |
_a341, [1] с. _cил. _d22 |
||
| 225 | 1 |
_aИсследования напряжений и прочности ядерных реакторов _fредкол.: акад. К.В. Фролов - отв. ред. [и др.] |
|
| 300 | _aАвт. указаны на обороте тит.л. | ||
| 300 | _aРез. на англ. яз. | ||
| 320 | _aБиблиогр.: с. 332-337 (115 назв.) | ||
| 606 | 1 |
_aВВЭР, ядерные реакторы _xСрок службы _xПродление _92588025 _3RU\NLR\auth\661529572 |
|
| 686 |
_aЗ464.21-021.1,0 _2rubbk |
||
| 686 | _aЗ464.21-021.1 | ||
| 701 | 1 |
_4070 _7ca _8rus _aМахутов _bН. А. _f1937- _gНиколай Андреевич _9234654 _3RU\NLR\AUTH\770234710 |
|
| 701 | 1 |
_4070 _8rus _7ca _aФролов _bК. В. _cд-р техн. наук _f1932-2007 _gКонстантин Васильевич _3RU\NLR\AUTH\7729062 _912091 |
|
| 701 | 1 |
_aДрагунов _bЮ. Г. _gЮрий Григорьевич _4070 |
|
| 712 | 0 | 2 |
_4570 _aИнститут машиноведения им. А. А. Благонравова _cМосква _3RU\NLR\AUTH\889930665 _9356857 |
| 801 | 0 |
_aRU _bRuMoRGB _c20100114 _gRCR |
|
| 801 | 1 |
_aRU _bRuMoRGB _c20100114 |
|
| 801 | 2 |
_aRU _bNLR _c20100302 _grcr |
|
| 942 | _cBOOK | ||
| 980 | _aNB | ||